01006cam a2200193 450000500170000000800410001702000150005805000260007324504180009925000110051726000400052830000220056865000590059065000280064970000420067770000310071970000310075070000310078120260216082702.0030821s2001 ag 000 0 spa u a950679300X04aKHA3446.I53bC66 200110aContrato médico y consentimiento informado b : Información sobre riesgos: abtención de tratamiento y alternativas terapéuticas, carga de la prueba y decisión del paciente, Los consentimientos en formularios y las cláusulas abusivas, Ley 24.240, de defensa del consumidor, Discrecionalidad científica: daños no reparables : Jurisprudencia, Legislaciónc / Patricia Castaño Restrepo,...[et al.] a1a ed. aBuenos Aires :bUniversidad, c2001 a126 p. ;c23 cm.  4aConsentimiento informado (Derecho médico)zArgentina 72lembaMedico y Paciente1 aCastaño Restrepo, Patricia, eautor1 aWeingarten, Celia, eautor1 aLovence, Graciela, eautor10aGhersi, Carlos A., eautor